| 000 | 00470nam a2200205Ia 4500 | ||
|---|---|---|---|
| 008 | 170918s9999 xx 000 0 und d | ||
| 020 | _a9780531218099 | ||
| 050 | _bG259 2015 | ||
| 100 | _aGates, Margo | ||
| 245 | _aAntelopes / | ||
| 245 | _cby Margo Gates. | ||
| 260 | _aNew York : | ||
| 260 | _bScholastic, | ||
| 260 | _c2015 | ||
| 300 | _a24 pages : | ||
| 300 | _bcolored illustration ; | ||
| 300 | _c24cm. | ||
| 440 | _aAnimal safari. | ||
| 500 | _a500 | ||
| 999 |
_c342835 _d342835 |
||